000 00632nam a2200229Ia 4500
003 OSt
005 20221007071713.0
006 a|||||r|||| 00| 0
007 ta
008 221006b |||||||| |||| 00| 0 eng d
024 _a28,249
037 _cTextual
040 _aFLL
_cFLL
_beng
041 _2eng
_aeng
082 _aZ73:5112y7N20, G1
100 _aFraenkel Osmond K.
_9151123
245 0 _aSacco-Vanzetti case
260 _aLondon
_bGeorge Routledge & Sons Ltd. London
_c1931
300 _axv,550p
_ccm.
942 _hZ73:5112y7N20, G1
_cTEXL
_2CC
999 _c1144029
_d1144029